000 00607nam a22001931a 4500
001 10790
003 OSt
005 20260204212212.0
008 100309s1998||||sp ||||||b||||||||||spa||
020 _a8475843735
050 _a610.7369 M469p
100 _aMedina, Jose Luís
245 _aLa pedagogía del cuidado: Deberes y prácticas en la formación universitaria en enfermería / Jose Luís Medina
264 _aEspaña : Laertes
300 _a307 p
500 _aIncluye bibliografía
650 _aEnfermería - Pedagogía del Cuidado 2.Enfemería - Formación UniversitariaÌ
942 _2ddc
_cBK
999 _c10790
_d10790